Muslims, labour and belonging in Assam (Record no. 533369)

000 -LEADER
fixed length control field 01275nam a22001337a 4500
008 - FIXED-LENGTH DATA ELEMENTS--GENERAL INFORMATION
fixed length control field 260518b ||||| |||| 00| 0 eng d
100 ## - MAIN ENTRY--PERSONAL NAME
Personal name Choudhury, Angshuman and Pegu, Manoranjan
245 ## - TITLE STATEMENT
Title Muslims, labour and belonging in Assam
260 ## - PUBLICATION, DISTRIBUTION, ETC. (IMPRINT)
Place of publication, distribution, etc Economic & Political Weekly
300 ## - PHYSICAL DESCRIPTION
Extent 61(18), May 2. 2026: p.10-13
520 ## - SUMMARY, ETC.
Summary, etc Bengali Muslims’ labour value, recognised by large sections of the Assamese elite as the key to Assam’s economic development, has not automatically aided their social inclusion. The “Miya” labourer remains stuck in an intensifying framework of racialised exploitation, social marginalisation and political disenfranchisement. They continue to be otherised as “illegal foreigners” and demographic threats to Assamese society. Some of the propositions for a “work permit regime” that both liberals and conservatives among the Assamese elite have put forward from time to time as a solution to the “illegal immigration” problem reify the racialised and inhumane regime of labour exploitation that the Bengali Muslims have historically been subjected to.-Reproduced

https://www.epw.in/journal/2026/18/commentary/muslims-labour-and-belonging-assam.html
773 ## - HOST ITEM ENTRY
Main entry heading Economic & Political Weekly
942 ## - ADDED ENTRY ELEMENTS (KOHA)
Item type Articles
Holdings
Withdrawn status Lost status Source of classification or shelving scheme Damaged status Not for loan Permanent location Current location Date acquired Serial Enumeration / chronology Barcode Date last seen Koha item type
          Indian Institute of Public Administration Indian Institute of Public Administration 2026-05-18 61(18), May 2. 2026: p.10-13 AR138864 2026-05-18 Articles

Powered by Koha